|
|
|
|
| LEADER |
00000nam a2200000 4500 |
| 001 |
vtls011745375 |
| 003 |
SK-MaSNL |
| 005 |
20260331211441.0 |
| 008 |
200115s1960 xo b 000 j slo |
| 015 |
|
|
|a SNBA1960
|
| 035 |
|
|
|a urn:nbn:sk:snk-am00cvft
|
| 035 |
|
|
|a urn:nbn:sk:snk-am3ho9d
|
| 035 |
|
|
|a C5913460-B147-4293-82C6-30F47C1A0F47
|
| 040 |
|
|
|a SNK
|b slo
|c SNK
|e rda
|
| 041 |
0 |
|
|a slo
|
| 044 |
|
|
|a xo
|c SK
|
| 072 |
|
7 |
|a 821-1/-8
|x Literatúra rôznych foriem a žánrov
|2 konspekt
|
| 080 |
|
|
|a 82-34
|2 2011
|
| 080 |
|
|
|a (041)
|2 2011
|
| 100 |
1 |
|
|a Trebišovský, Július,
|d 1916-2006
|4 edt
|9 38006
|
| 245 |
1 |
0 |
|a Cesta do stredu Zeme
|c podľa fantastického románu Julesa Vernea pre diafilm spracoval Július V. Trebišovský
|
| 264 |
|
1 |
|a Bratislava
|b Populárnovedecký film - Diafilm
|c 1960
|
| 300 |
|
|
|a 22 nečíslovaných strán
|c 11x15 cm
|
| 336 |
|
|
|a text
|b txt
|2 rdacontent
|
| 337 |
|
|
|a bez média
|b n
|2 rdamedia
|
| 338 |
|
|
|a zväzok
|b nc
|2 rdacarrier
|
| 490 |
1 |
|
|a Školský diafilm
|
| 650 |
0 |
7 |
|a rozprávky
|2 SNKPH
|9 75941
|
| 650 |
0 |
7 |
|a Fairy tales
|2 SNKPHeng
|9 341049
|
| 655 |
|
7 |
|a brožúry
|2 SNKPH
|9 70146
|
| 655 |
|
7 |
|a Brochures
|2 SNKPHeng
|9 283327
|
| 830 |
|
0 |
|a Školský diafilm
|9 430361
|
| 852 |
|
|
|a Slovenská národná knižnica v Martine
|b 10000
|h SE 3148
|
| 958 |
|
|
|a DB
|
| 999 |
|
|
|c 768813
|d 770743
|
| 952 |
|
|
|a SNK
|b SNK
|y PREZ
|7 0
|p 17A0721478
|o snkSE 3148
|i snkKSP 5356/61
|0 0
|1 0
|4 0
|d 2018-03-08
|f 1
|l 0
|r 2026-02-24 00:27:23
|w 2026-02-24
|
| 952 |
|
|
|a SNK
|b SNK
|y VYP
|7 0
|p 17A1190170
|o snkSE 3148 D1
|i snkKSP 5357/61
|0 0
|1 0
|4 0
|d 2018-06-06
|l 0
|r 2026-02-24 00:27:23
|w 2026-02-24
|
| 952 |
|
|
|a SNK
|b SNK
|y VYP
|7 0
|p 17A1190171
|o snkSE 3148 D2
|i snkKSP 7192/62
|0 0
|1 0
|4 0
|d 2018-06-06
|l 0
|r 2026-02-24 00:27:23
|w 2026-02-24
|
| 952 |
|
|
|a SNK
|b SNK
|y VYP
|7 0
|p 17A1190172
|o snkSE 3148 D3
|i snkKSP 7193/62
|0 0
|1 0
|4 0
|d 2018-06-06
|l 0
|r 2026-02-24 00:27:23
|w 2026-02-24
|